00408cam a22001097a 4500008004000000082001700040245009400057260003500151300001100186650004800197700005300245180718b1972 xxu||||| |||| 00| 0 eng d aK5x729 Un3tr aTraining of public service trainerscby Department of Economic and Social Affairs, U.S.A. aNew YorkbUnited Nationsc1972 a117+p. aTraining - Public Adminstrative West Indies aU.S.A. Department Of Economic And Social Affairs